Chromatic fantasy & fugue

Bibliographic Details
Main Author: Schenker, Heinrich
Other Authors: Siegel, Hedi
Format: Book
Published: New York : Longman Inc. , 1984
Subjects:

MARC

LEADER 00000cam a2200000 7i4500
001 0000008301
002 000009053
005 20000330.0
020 |a 0582283302 
090 0 0 |a 786.10924   |b SCH 
100 1 |a Schenker, Heinrich 
245 1 0 |a Chromatic fantasy & fugue   |c Heinrich Schenker ; translated and edited by Hedi Siegel 
260 |a New York :   |b Longman Inc. ,   |c 1984 
300 |a 103 p. ;   |c 26 cm. 
600 0 0 |a Bach, Johann Sebastian ,   |d 1685-1750 
650 0 0 |a Canons, figues, etc 
700 1 |a Siegel, Hedi 
999 |a 0005038   |b BUKU   |c PINJAMAN   |e PERPUSTAKAAN KOMUNITI PETALING JAYA 
999 |a 0005092   |b BUKU   |c PINJAMAN   |e PERPUSTAKAAN KOMUNITI PETALING JAYA